Normal view
MARC view
Entry Personal Name
001 - CONTROL NUMBER
- control field: 60448
003 - CONTROL NUMBER IDENTIFIER
- control field: OSt
005 - DATE AND TIME OF LATEST TRANSACTION
- control field: 20260508144036.0
008 - FIXED-LENGTH DATA ELEMENTS
- fixed length control field: 260508|| aca||aabn | a|a d
040 ## - CATALOGING SOURCE
- Original cataloging agency: OSt
- Transcribing agency: OSt
100 ## - HEADING--PERSONAL NAME
- Personal name: Sreejith, A. and Nair, Manju S.
670 ## - SOURCE DATA FOUND
- Source citation: Work cat.: (OSt): Sreejith, A. and Nair, Manju S. , Specificities of financial inclusion: A study of savings and credit accounts of financially included households in Kerala
